[Event "Mittelfrankenliga-B2a 0607"]
[Site "Mittelfranken"]
[Date "2007.03.11"]
[Round "7.7"]
[White "Ebner, Stefan"]
[Black "Schwarm, Werner"]
[Result "1-0"]
[WhiteElo "1722"]
[BlackElo "1811"]
[PlyCount "59"]
[EventDate "2006.10.22"]
[EventType "team-tourn"]
[EventRounds "9"]
[EventCountry "GER"]
[SourceTitle "EXT 2011"]
[Source "ChessBase"]
[SourceDate "2010.11.26"]
[SourceVersion "1"]
[SourceVersionDate "2010.11.26"]
[SourceQuality "1"]
[WhiteTeam "Herzogenaurach"]
[BlackTeam "Altensittenbach II"]
[WhiteTeamCountry "GER"]
[BlackTeamCountry "GER"]

1. d4 d5 2. Nf3 c5 3. c3 cxd4 4. cxd4 Nc6 5. Bf4 Qb6 6. Nc3 Nf6 7. e3 a6 8. Rb1 e6 9. a3 Bd7 10. Bd3 Rc8 11. 0-0 Na7 12. Qe2 Bd6 13. Ne5 Qa5 14. Nxd7 Kxd7 15. Bxd6 Kxd6 16. Qf3 Ke7 17. Qg3 g6 18. Qg5 h6 19. Qh4 g5 20. Qg3 Qc7 21. f4 Nd7 22. Qf3 f5 23. Bxf5 Qd6 24. Bd3 gxf4 25. exf4 Rcf8 26. Qe3 Kd8 27. Rbe1 Rf6 28. f5 Nf8 29. Qe5 Ke7 30. Nxd5+ 1-0